[Event "Norway Chess 4th"]
[Site "Stavanger"]
[Date "2016.04.25"]
[Round "6"]
[White "Vachier Lagrave, Maxime"]
[Black "Carlsen, Magnus"]
[Result "1/2-1/2"]
[WhiteElo "2788"]
[BlackElo "2851"]
[Annotator "ChessBase"]
[PlyCount "129"]
[EventDate "2016.04.19"]
[EventType "tourn"]
[EventRounds "9"]
[EventCountry "NOR"]
[EventCategory "21"]
[SourceTitle "CBM 172"]
[Source "ChessBase"]
[SourceDate "2016.05.12"]
[SourceVersion "1"]
[SourceVersionDate "2016.05.12"]
[SourceQuality "1"]

1. e4 e5 2. Nf3 Nc6 3. Bb5 Nf6 4. O-O Nxe4 5. d4 Nd6 6. Bxc6 dxc6 7. dxe5 Nf5 8. Qxd8+ Kxd8 9. h3 Ke8 10. Nc3 h5 11. Bf4 Be7 12. Rad1 Be6 13. Ng5 Rh6 14. Rfe1 Bb4 15. g4 hxg4 16. hxg4 Ne7 17. f3 ({The most popular move here is} 17. Nxe6) 17... Bxc3 18. bxc3 Bxa2 19. Ne4 Rh8 20. e6 Bxe6 21. Bxc7 Nd5 $146 ({One wonders how Vachier-Lagrave wanted to improve a game between Anish Giri and Sergey Karjakin which continued with} 21... b5 22. Be5 Rg8 23. Nc5 Nd5 24. f4 Bxg4 25. c4 f6 26. Rb1 Nb6 27. Bxf6+ Kf7 28. Bg5 Nxc4 29. Re7+ Kg6 30. Rbe1 Bf5 31. Kf2 Rad8 32. Nd3 a5 33. Rg1 Rd7 34. Bh4+ Kh7 35. Rxd7 Bxd7 36. Ne5 Nxe5 37. fxe5 Re8 38. Re1 a4 39. Kf3 a3 40. Bf2 Rf8+ 41. Kg3 Be6 42. Bc5 Ra8 {0-1 (42) Giri,A (2734)-Karjakin,S (2776) Beijing 2013}) ({RR} 21... b5 22. Be5 Rg8 23. Nc5 Nd5 24. f4 Bxg4 25. c4 f6 26. Rb1 Nb6 27. Bxf6+ Kf7 28. Bg5 Nxc4 29. Re7+ Kg6 30. Rbe1 Bf5 31. Kf2 Rad8 32. Nd3 a5 33. Rg1 Rd7 34. Bh4+ Kh7 35. Rxd7 Bxd7 36. Ne5 {Giri,A (2734)-Karjakin,S (2776) Beijing 2013 0-1 (42)}) 22. Be5 Kf8 23. Nc5 b5 24. c4 bxc4 25. Rd4 Re8 26. Rxc4 Rh6 27. Ra4 Kg8 (27... Ra8 28. Rea1 $14) 28. Rxa7 Bc8 29. Bg3 Rxe1+ 30. Bxe1 Rd6 {Black has to take measures against the threat of Ra8.} 31. Ba5 {[#]} Bxg4 $5 {Carlsen liquidates into an endgame which he knows from his World Championship match against Vishy Anand.} (31... Be6 32. Ne4 Rd7 33. Ra8+ Kh7 {apparently was not to his liking.}) 32. fxg4 Rg6 33. Kf2 Rxg4 34. Bd2 ({Another attempt was} 34. Nd3 Rc4 35. Ne1 Ra4 36. Ke2 g5) 34... Rc4 35. Ra8+ Kh7 36. Nd7 Rxc2 {The last remaining white pawn vanished from the board.} 37. Ke2 f6 38. Kd3 Rb2 39. Nf8+ Kg8 40. Ne6+ Kh7 41. Ra7 Rb3+ 42. Kd4 Rg3 43. Kc5 Rg2 44. Ba5 Ne3 45. Kxc6 Nf5 46. Bb4 Re2 47. Kd7 Re4 48. Bc5 Kg6 49. Ra1 Re5 50. Bd6 Nxd6 51. Kxd6 Rb5 52. Rg1+ Kh6 53. Nf4 Kh7 54. Nd5 g5 55. Ke6 Kg7 56. Rf1 Ra5 57. Nxf6 Kg6 58. Nd5 Ra6+ 59. Ke5 Ra8 60. Ne7+ Kh5 61. Rh1+ Kg4 62. Rg1+ Kh5 63. Rh1+ Kg4 64. Rg1+ Kh5 65. Rh1+ 1/2-1/2

[Event "Bilbao Masters 9th"]
[Site "Bilbao"]
[Date "2016.07.13"]
[Round "1"]
[White "Carlsen, Magnus"]
[Black "Nakamura, Hikaru"]
[Result "0-1"]
[WhiteElo "2855"]
[BlackElo "2787"]
[Annotator "ChessBase"]
[PlyCount "100"]
[EventDate "2016.07.13"]
[EventType "tourn"]
[EventRounds "10"]
[EventCountry "ESP"]
[EventCategory "22"]
[SourceTitle "CBM 174"]
[Source "ChessBase"]
[SourceDate "2016.09.13"]
[SourceVersion "1"]
[SourceVersionDate "2016.09.13"]
[SourceQuality "1"]

1. e4 c5 2. Ne2 {Schränkt die schwarze Auswahl etwas ein. Je nachdem, was Schwarz im zweiten Zug zieht, könnte Weiß auf d4 verzichten.} d6 3. Nbc3 a6 {Das deutet darufhin, dass Schwarz die Najdorf-Variante spielen will.} 4. g3 g6 5. Bg2 Bg7 6. d4 cxd4 7. Nxd4 Nf6 8. O-O O-O {Nun ist eine Position des Fianchetto-Systems der Drachenvariante auf dem Brett.} 9. b3 ({Alternativen:} 9. h3) (9. a4) 9... Nc6 10. Nxc6 (10. Nde2 Bg4 11. Bb2 Qc8 12. Qd2 Bh3 13. f3 Bxg2 14. Kxg2 b5 {1-0 (60) Bykova,E-Rudenko,L Frauen-WM, Leningrad 1953}) 10... bxc6 11. Bb2 Qa5 12. Na4 Bg4 13. Qe1 $146 {Damentausch?} ({RR} 13. f3 Bd7 14. e5 Nd5 15. Qe1 Qc7 16. c4 Qa7+ 17. Rf2 Ne3 18. c5 Nxg2 19. Kxg2 dxc5 20. Rc1 Be6 21. Nxc5 Bd5 22. Bd4 Qc7 23. Qe3 f6 24. Ne6 Bxe6 25. exf6 Bh3+ 26. Kxh3 Qd7+ 27. Kg2 Bxf6 {Tiviakov,S (2600)-Abdisalimov,A (2406) Dhaka 2021 1-0 (48)}) ({RR} 13. f3 Bd7 14. e5 Nd5 15. Qe1 Qc7 16. c4 Qa7+ 17. Rf2 Ne3 18. c5 Nxg2 19. Kxg2 dxc5 20. Rc1 Be6 21. Nxc5 Bd5 22. Bd4 Qc7 23. Qe3 f6 24. Ne6 Bxe6 25. exf6 Bh3+ 26. Kxh3 Qd7+ 27. Kg2 Bxf6 {Tiviakov,S (2600)-Abdisalimov,A (2406) Dhaka 2021 1-0 (48)}) 13... Qh5 14. f3 Bh3 15. g4 $5 (15. Rd1) (15. c4) 15... Qh6 16. Rd1 $14 g5 17. Bc1 Bxg2 18. Kxg2 Qg6 19. h4 (19. Nb6 $5 Rab8 20. Nc4 h5 21. h3 $14) 19... gxh4 20. Qxh4 d5 {[#]} 21. g5 $2 {Zu impulsiv. Nun gerät Weiß in Nachteil.} (21. exd5 cxd5 (21... Qxc2+ 22. Rd2 Qg6 23. dxc6 Rac8 $11) 22. Qg5 Qxc2+ 23. Rd2 Qc6 24. Bb2 $11) 21... dxe4 22. f4 {Für den Bauern erhält Weiß zu wenig Spiel. Vor allem steht der Sa4 viel zu weit weg vom Geschehen.} (22. fxe4 Nxe4 {mit Bauerngewinn und sehr unsicherem weißen König.}) 22... e6 23. c4 Rfd8 24. Rde1 Ne8 25. Nc5 Nd6 26. Qf2 f5 27. Bb2 {[#]} Nf7 {Früher oder später kommt e5 und das schwarze Bauernübergewicht im Zentrum wird spürbar.} 28. Bxg7 Kxg7 29. Qg3 Rd6 30. Rd1 Rad8 31. Rxd6 Rxd6 32. Qc3+ Kg8 33. Rf2 Qh5 (33... e5 $5 34. fxe5 ({Oder} 34. Qg3 Qh5 {mit der Idee} 35. Z0 Rd1 36. Z0 Qh1#) 34... Qxg5+ $18) 34. Qh3 Qd1 35. Qe3 e5 36. Qg3 (36. fxe5 Rg6 $1 ({Auf} 36... Nxe5 {kann Weiß vielleicht} 37. Nxe4 fxe4 38. Qxe4 {probieren. Nach} Qg4+ 39. Qxg4 Nxg4 40. Re2 {muss Schwarz noch etwas arbeiten.})) 36... Rg6 37. Kh2 exf4 38. Qxf4 {Weiß verwaltet eine Ruine, die im Folgenden rasch eingerissen wird.} Qh5+ 39. Kg1 Qd1+ 40. Kh2 Qh5+ 41. Kg1 Nxg5 42. Qb8+ Kg7 43. Qe5+ Kh6 44. Qf4 Qd1+ 45. Kh2 Qd4 46. b4 Kg7 47. Qc7+ Kh8 48. Qc8+ Rg8 49. Qxf5 Nf3+ 50. Kh3 Qd6 (50... Qd6 51. Rg2 Qh6+ {und Matt.}) 0-1

[Event "Bilbao Masters 9th"]
[Site "Bilbao"]
[Date "2016.07.15"]
[Round "3"]
[White "Carlsen, Magnus"]
[Black "Karjakin, Sergey"]
[Result "1-0"]
[WhiteElo "2855"]
[BlackElo "2773"]
[Annotator "Roiz,Michael"]
[PlyCount "79"]
[EventDate "2016.07.13"]
[EventType "tourn"]
[EventRounds "10"]
[EventCountry "ESP"]
[EventCategory "22"]
[SourceTitle "CBM 174"]
[Source "ChessBase"]
[SourceDate "2016.09.13"]
[SourceVersion "1"]
[SourceVersionDate "2016.09.13"]
[SourceQuality "1"]

1. e4 c5 2. Nf3 d6 3. c3 Nf6 4. Be2 {This side system isn't as harmless as it looks - White is aiming for building up a strong pawns centre.} g6 5. O-O Bg7 6. Bb5+ Nc6 {Sergey chooses a relatively rare theoretical continuation.} (6... Bd7 {is much more popular. There are some practical tests:} 7. Bxd7+ Qxd7 (7... Nbxd7 8. Re1 O-O 9. d4 cxd4 10. cxd4 d5 11. e5 Ne4 12. Nbd2 Nxd2 13. Bxd2 Qb6 14. Re3 Rac8 15. h4 $14 {Sagalchik,G (2525)-Serper,G (2535) New York 1996}) 8. Re1 O-O 9. d4 Na6 10. d5 c4 11. Nbd2 Nc5 $132 {Adams,M (2685)-Anand,V (2735) Dortmund 1996}) 7. d4 Qb6 (7... O-O 8. d5 Nb8 9. Re1 Bg4 10. Nbd2 Nbd7 11. h3 Bxf3 12. Nxf3 a6 13. Bf1 b5 14. Bf4 $14 {Chadaev,N (2580)-Gelfand,B (2738) Astana 2012}) (7... Bd7 8. d5 Ne5 9. Bxd7+ Nfxd7 10. Nxe5 Nxe5 11. a4 O-O 12. Bf4 Qb6 13. Qe2 c4 14. Bxe5 Bxe5 15. a5 Qb3 16. Na3 $14 {Lombardy,W - Hort,V Zagreb 1969}) 8. Ba4 ({The drawback of protecting the bishop by means of} 8. Na3 {was admitted by} cxd4 9. cxd4 d5 $1 $11 {in Rasik,V (2516)-Zhigalko,A (2601) Czechia 2013}) 8... cxd4 ({RR} 8... O-O 9. d5 Na5 10. Re1 e6 11. Na3 exd5 12. exd5 a6 13. c4 Bg4 14. Re3 Qc7 15. h3 Bf5 16. g4 Bc8 17. Bd2 b5 18. Bxa5 Qxa5 19. cxb5 axb5 20. Bxb5 h5 21. Bc6 hxg4 22. Nc4 Qa6 23. Nfd2 {Delgado Ramirez,N (2484)-Sanchez Alvarez,R (2376) Budapest HUN 2024 ½-½ (59)}) 9. cxd4 O-O 10. d5 {This position was seen only in 1 preceding game!} Nb8 $146 {This move looks somewhat artificial, but the knight is heading to c5 or e5.} ({The previously played} 10... Na5 11. Nc3 ({White hardly can pretend on having advantage also after} 11. Re1 Bg4 12. Nbd2 Rfc8 13. h3 Bd7 14. Bc2 e6 $132) 11... Bg4 12. h3 Bxf3 13. Qxf3 Rac8 14. Qe2 Nc4 {was fine for Black in Palit,S (2421)-Gopal,G (2558) Kolkata 2014}) ({RR} 10... Na5 11. Nc3 Bg4 12. h3 Bxf3 13. Qxf3 Rac8 14. Qe2 Nc4 15. Bb5 Qc5 16. b3 Na3 17. Bd3 Qxc3 18. Bxa3 Nh5 19. g3 Qa5 20. Bb2 Bxb2 21. Qxb2 Rc7 22. Rac1 Rfc8 23. Rxc7 Rxc7 24. Rd1 Qc5 25. Rd2 {Palit,S (2421)-Gopal,G (2558) Kolkata 2014 ½-½ (34)}) ({RR} 10... Na5 11. Nc3 Bg4 12. h3 Bxf3 13. Qxf3 Rfc8 14. Qe2 a6 15. a3 Qc7 16. Rd1 b5 17. Bc2 Nd7 18. Rd3 Nc4 19. Rg3 Qa5 20. Nd1 b4 21. a4 Qc7 22. Bd3 Nde5 23. Bf4 Qc5 24. Rc1 Qd4 25. Bb1 {Shachar,E (2363)-Donchenko,A (2647) Caleta 2020 0-1 (42)}) 11. Nc3 ({Delaying the development of b1 would hardly bother Black:} 11. Re1 Bg4 12. Nbd2 Qc7 13. h3 Bd7 14. Bc2 Rc8 15. Bb1 a5 $132) 11... Bg4 12. h3 Bxf3 13. Qxf3 Nbd7 14. Rb1 ({The more aggressive} 14. Be3 Qxb2 15. Rfc1 {only leads to simplifications:} Qa3 16. Rab1 Nc5 17. Bxc5 Qxc5 18. Rxb7 Nxe4 $1 19. Qxe4 Bxc3 20. Qf3 Qa3 $11) 14... Rfc8 {Black has completed a harmonious setup. The position is closed yet, so White's bishops do not guarantee White any advantage.} 15. Bc2 Ne5 (15... a6 $5 16. Qe2 Qa5 17. Bd2 Ne5 $132) 16. Qe2 Nfd7 17. Bg5 {The e7 isn't really hanging, but the presense of White's bishop on g5 is somewhat annoying.} h6 ({Deserves some attention also} 17... Bf6 $5 18. Bxf6 Nxf6 19. Kh2 Nc4 20. Bd3 Qd4 $11 {The activity of Black's pieces doesn't allow to develop a serious attack on the kingside.}) 18. Bh4 g5 {A double-edged decision. Black manages to secure the e5, but this advance exposes the light squares around the king.} 19. Bg3 Qa6 ({Another interesting way of handling the position was} 19... Ng6 $5 20. Rfc1 Be5 21. Bxe5 Ndxe5 22. g3 Rc4 $132) 20. Qd1 Rc4 $2 {The first cause of Sergey's troubles!} ({There was no reason from deviating from the most aggressive} 20... Nc4 21. Bd3 Qb6 (21... Nc5 22. Be2 Bxc3 23. bxc3 Qxa2 24. Ra1 Qb3 25. Qd4 {looks risky for a human eye}) 22. Qe2 Nde5 $132) 21. Kh1 {This is the point! Most of Black's pieces are on the queenside, so White manages to develop a powerful attack now.} Rac8 22. f4 gxf4 23. Bxf4 Qb6 {The queen is coming into defence, but it takes a long time...} 24. Qh5 Nf6 ({The pawn sac wouldn't bring Sergey any relief:} 24... Qd8 25. Bxh6 Nf6 26. Qh4 Ng6 27. Qg5 Qf8 28. Bxg7 Qxg7 29. Rf5 $16) 25. Qf5 Qd8 (25... Ng6 26. Bd2 Qd8 27. Bb3 R4c7 28. Be3 $16) 26. Bb3 Rd4 27. Bxe5 dxe5 {As it often happens, the presense of bishops of different colours favours the attacking side!} 28. Rbd1 ({Worth attention is also} 28. Rbc1 $5 Qd7 29. Qxd7 Nxd7 30. Ne2 Rxc1 31. Rxc1 Rd2 (31... Rxe4 32. Ng3 Rf4 33. Rc7 $36) 32. Rc8+ Bf8 33. Ng3 $36 {Even though liquadating into the endgame is Black's undisputable achievement, the position is still very unpleasant.}) 28... Qd7 29. Qf3 Rb4 ({Perhaps, it was better to swap the rooks, though after} 29... Rxd1 30. Qxd1 b5 31. Qd3 a6 32. Ne2 $36 {it wouldn't easy to find a constructive defenseve plan.}) 30. Rd2 $1 {The rook would be very useful along 2nd rank.} Rf8 31. g4 $1 {As usual, World Champion's play is very energetic and impressive.} a5 $2 {Black cannot afford wasting a tempo for counter-attacking measures.} ({The only way to provide resistance was} 31... Nh7 32. h4 Rb6 33. Rg1 Rf6 34. Qg3 $16 {White still has to find a way to make progress.}) 32. Rg2 Nh7 33. h4 {Now White's attack lasts itself.} Rb6 34. g5 Kh8 ({In case of} 34... Rg6 35. Rfg1 Kh8 36. Ba4 Qc8 37. Rh2 $18 {Black would be almost paralysed.}) 35. Rfg1 f5 {A desperate attempt to complicate the matters.} 36. Qh3 Rb4 37. gxh6 Bxh6 {The king is too exposed, so White has many winning ways now.} 38. Qg3 (38. Rg6 Bf4 39. Qg2 $18 (39. d6 $18)) 38... Nf6 39. Qg6 Ng4 40. Rxg4 1-0

[Event "Bilbao Masters 9th"]
[Site "Bilbao"]
[Date "2016.07.16"]
[Round "4"]
[White "Carlsen, Magnus"]
[Black "So, Wesley"]
[Result "1-0"]
[WhiteElo "2855"]
[BlackElo "2770"]
[Annotator "Carlsen,Magnus"]
[PlyCount "51"]
[EventDate "2016.07.13"]
[EventType "tourn"]
[EventRounds "10"]
[EventCountry "ESP"]
[EventCategory "22"]
[SourceTitle "CBM 174"]
[Source "ChessBase"]
[SourceDate "2016.09.13"]
[SourceVersion "1"]
[SourceVersionDate "2016.09.13"]
[SourceQuality "1"]

1. e4 e5 {In round 4 this was already my third white game. In the first two games against predominantly 1...e5 players I was suprised by 1...c5 and wheeled out a couple of obscure Anti-Sicilians. I got an excellent position against Nakamura and then nothing against Karjakin and won, so naturally I was expecting to be surprised again.} 2. Nf3 Nc6 3. Bb5 Nf6 {Wesley also plays other systems, but an invitation to the Berlin is never a surprise from a top player.} 4. d3 {In my early years as an ambitious player the Berlin was not considered a particulary good opening, and I used to grab the invitation with both hands, with excellent results. More recently however, more solid systems for Black have been found, and I'm finding myself rejecting the invitation on a regular basis.} Bc5 5. Bxc6 dxc6 6. Qe2 ({Back in 2012 I started playing} 6. Nbd2 {here, and to my surprise it became very popular. The text has similar ideas, but is much less well-known.}) 6... Qe7 7. Nbd2 Bg4 {Naturally, there are plenty of other options on this and the previous move, but this plan is always decent. The bishop will temporarily be misplaced on h5/g6, but it will usually come in to play via f7 after ...d7 and ...f6.} 8. h3 Bh5 9. a3 {This move took me more than 20 minutes, but I felt that it was already time to delve more deeply into the position. In the 2013 world championship Vishy chose the plan with f1-g3 without g4, but that was without e2 and ...e7 included. Now I would just be a tempo down compared that game. Other ways to play were c4 or g4 followed by f1-g3, but neither of them seemed to give too much of a basis for an interesting battle. Bothering his bishop immediately though, seemed much more interesting. Besides, I won't hide the fact that playing h3 and a3 on consecutive moves in the opening gave me pleasure.} (9. Nf1 Nd7 10. Ng3 Bxf3 11. Qxf3 g6 {and White has wasted a tempo.}) 9... Nd7 (9... a5 {Generally this move is desirable strategically, gaining space while preventing b4. However, with the bishop on h5 kingside castling is not attractive with g4 coming and a knight landing on f5, while with the pawn on a5 queenside castling will not be on the cards. Having said that, it was certainly a playable, and probably the most challenging option}) 10. b4 Bd6 {Wesley spent almost 20 minutes on this move, which is very much understandable as all three bishop moves were serious options.} (10... Bd4 {A very solid option, getting rid the dark squared bishop, which otherwise either risks being harassed on b6, or passive on d6} 11. Rb1 Bc3 12. O-O Bxd2 {Otherwise the knight escapes} 13. Bxd2 {But I was not too unhappy about this, as the extra space on the queenside feels useful.}) (10... Bb6 {The engines like this move, and I don't have any convincing arguments against it. The worry for Black is that the bishop is likely to be caged in on b6 after a subsequent c4 c5, which an engine probably won't mind. Recent examples from a couple of blitz and rapid games by Nakamura (against MVL and Caruana respectively) in another line of the Berlin, suggest that even top level practice the computer's opinion may prevail.}) ({RR} 10... Bb6 11. Nc4 a5 12. Rb1 axb4 13. axb4 Ra2 14. O-O O-O 15. Rb2 Rfa8 16. c3 Ra1 17. Rc2 f6 18. Rd1 Nf8 19. Nxb6 cxb6 20. Be3 Ne6 21. Rcd2 b5 22. Rxa1 Rxa1+ 23. Rd1 Ra3 24. Qb2 Bxf3 25. gxf3 {Carlsen,M (2843)-Aronian,L (2764) Stavanger 2018 0-1 (52)}) 11. Nc4 $146 ({RR} 11. g4 Bg6 12. Nc4 c5 13. b5 Nf8 14. Be3 f6 15. Nh4 Qd7 16. a4 a6 17. b6 Ne6 18. Nf5 Bf7 19. Qd1 Bf8 20. bxc7 Qxc7 21. a5 g6 22. Nb6 Rb8 23. Ng3 Nd4 24. Ne2 Bd6 25. Nc3 Qd8 {Tokhirjonova,G (2369)-Olsarova,K (2303) Batumi 2018 1-0 (42)}) 11... f6 (11... Nf8 {was possible, but I suspect he was worried about} 12. Na5 {and there is no convenient way to protect b7.}) 12. Ne3 {A key point of the a3-b4 operation is that the e3-square is freed up for the knight (otherwise the bishop would happily have chopped it off). The knight can later jump to f5 without having to play g4 first.} a5 $2 {As on move 9, this is the most challenging, but ceraintly not the most practical option. That's why I'm assigning it a question mark, rather than it's objective value.} (12... Nf8 13. Nf5 Qd7 {was very solid; with the knight coming to e6, Black is alright.}) 13. Nf5 Qf8 {The consistent follow-up, as he forces me to make a consession on the queenside. However, now his king will be stuck in the center for a while, which is especially unpleasant considering the shorter time-control that was used in Bilbao} (13... Qf7 14. Rb1 {Now I don't have to take} axb4 15. axb4 O-O 16. O-O {and while he has been able to seize the a-file for the moment, the rest of his pieces are rather more clumsily placed than in the note to 12...f8} (16. Bh6 Qa2 $1)) 14. bxa5 Rxa5 15. O-O Qf7 {This loss of tempo certainly doesn't look impressive, but at least he frees up the f8-square for the knight or even bishop. Castling however, won't be possible for a long time because of the little trick h6, which really is the key to the position.} (15... Kd8 {Perhaps he should have tried to evacuate the king to the queenside:} 16. a4 (16. Bd2 Ra4) 16... Bb4 {And in both cases it's not so easy to generate a serious initative on the queenside}) 16. a4 Nc5 17. Qe1 (17. Bd2 {was also good, but this move, freeing up the knight and attacking the rook, just felt too natural not to be played.}) 17... b6 {It's becoming harder and harder to defend.} (17... Ra8 18. N3h4 {Since the rook will not be attacked after c4, the knight goes in the other direction} Ne6 (18... Bf8 19. a5 {fixing b7 as a target} g5 20. Nf3 Bxf3 21. gxf3 {and White is firmly in the driver's seat}) 19. Rb1 {and it's hard for Black to avoid losing a pawn, as xd6 followed by f5 is looming as well.}) 18. Nd2 Rxa4 19. Nc4 {The idea. Every move comes with a threat.} Bf8 $6 (19... Be7 {I suspected that this might better than the text, as it does not block the h8-rook. I was not too worried though, as I saw that I had at least a forced draw} 20. Be3 Kd7 {The only move, as} (20... O-O 21. Nxe7+ Qxe7 22. Bxc5 {loses a piece}) 21. Nxb6+ (21. Rxa4 Nxa4 22. f4 {This is probably what I would have done. White has a nice initative and is not risking anything, but Black is hanging on for the moment}) 21... cxb6 22. Bxc5 Rxa1 23. Qxa1 Bxc5 24. Qa7+ Ke6 25. Nxg7+ Kd6 26. Nf5+ Ke6 $11) 20. Be3 Kd7 (20... Rg8 {This was the only move, which I had seen.} 21. f4 {But still it's impossible to defend, at least in practical play.}) 21. Qc3 {All natural moves, and by now I felt that I was winning. There is very little to be done about the threat of xb6 followed by xc5, when a white rook will land on a7, winning the queen and the game.} Nxe4 (21... Rxc4 {I thought this was the last chance, but after} 22. dxc4 Nxe4 23. Qd3+ Nd6 24. g4 Bg6 25. Rfd1 {Black is tied up, while xb6 and a7 is threatened.}) 22. Nxb6+ {Again opening up the seventh rank and leaving the black king completely naked.} cxb6 23. dxe4 Qc4 24. Qd2+ Kc7 25. g4 {Finally g4! Much later than expected, but much more powerful.} Bg6 26. Rfd1 {I had no wish to calculate xb6 here or on the previous move, as this forces immediate resignation. A fun game, which put me in a great mood (which was immediately ruined by failing to win the next game against Anish, but that's another story).} 1-0